| 000 | 00600pam a2200217 a 4500 | ||
|---|---|---|---|
| 001 | 1388247 | ||
| 005 | 20250208090209.0 | ||
| 008 | 820629s1982 nyua j b 000 0 eng | ||
| 020 | _a0531044963 | ||
| 050 | 0 | 0 |
_aRC537 _b.O47 1982 |
| 082 | 0 | 0 |
_a616.85/27 _219 |
| 100 | 1 | _aOlshan, Neal H. | |
| 245 | 1 | 0 |
_aDepression / _cNeal H. Olshan. |
| 260 |
_aNew York : _bFranklin Watts, _c1982. |
||
| 300 |
_a119 p. : _bill. ; _c25 cm. |
||
| 500 | _aIncludes index. | ||
| 650 | 0 |
_aDepression, Mental _xJuvenile literature. |
|
| 650 | 1 | _aDepression, Mental. | |
| 650 | 1 | _aMental illness. | |
| 942 |
_2lcc _cBK _n0 |
||
| 999 |
_c3634 _d3634 |
||